[Event "45th Olympiad 2024"]
[Site "Budapest HUN"]
[Date "2024.09.15"]
[Round "5.78"]
[Board "3"]
[White "Monther, Alfardan"]
[Black "Hassuji, Nurdin"]
[Result "1-0"]
[WhiteElo "1834"]
[BlackElo "1847"]
[PlyCount "111"]
[EventDate "2024.09.11"]
[WhiteTeam "Bahrain"]
[BlackTeam "Tanzania"]
[WhiteTeamCountry "BHN"]
[BlackTeamCountry "TAN"]

1. e4 e5 2. Nf3 Nc6 3. Bb5 a6 4. Ba4 Nf6 5. O-O Be7 6. Re1 b5 7. Bb3 O-O 8. c3 d6 9. h3 Na5 10. Bc2 c5 11. d4 Nc6 12. Be3 Qc7 ({RR} 12... exd4 13. cxd4 Nb4 14. Nc3 Nxc2 15. Qxc2 cxd4 16. Bxd4 Bb7 17. Qb3 Qa5 18. Rad1 Rae8 19. a4 Bc6 20. axb5 axb5 21. e5 Bxf3 22. Ra1 Qxa1 23. Rxa1 dxe5 24. Bxe5 Bc6 25. Nxb5 Ne4 26. Nd4 Bd7 27. Qd5 {1-0 Damljanovic,B (2554)-Abramovic,B (2505) YUG-chT Vrnjacka Banja 1999 (2)}) ({RR} 12... Bb7 13. Nbd2 Rc8 14. d5 Nb8 15. a4 Nbd7 16. axb5 axb5 17. b3 Ra8 18. Qe2 Qb6 19. Nh4 Rxa1 20. Rxa1 Ra8 21. Rxa8+ Bxa8 22. Nf5 Bf8 23. Bd3 Qa5 24. Bxb5 g6 25. Nh6+ Bxh6 26. Bxh6 Qxc3 27. Bxd7 {½-½ Agrest,I (2285)-Sihite,C (2252) World Corporate Final rapid 2021 (3)}) 13. Nbd2 Rd8 14. Rc1 Bd7 $146 ({RR} 14... Bb7 15. Nf1 d5 16. exd5 Nxd5 17. Bg5 f6 18. Bh4 Nf4 19. Bg3 Bf8 20. Bb1 g6 21. a4 c4 22. Bxf4 exf4 23. b4 Re8 24. axb5 axb5 25. Qc2 Ne7 26. N1d2 Nd5 27. h4 Bc6 28. Qb2 Qd7 29. Be4 {0-1 Schmidt,E-Cadelli,L (2125) Cesenatico op 3rd 1998 (5)}) 15. Nf1 Rac8 16. Ng3 Na5 17. b3 c4 18. b4 Nb7 19. d5 a5 20. a3 Ra8 21. Nh2 axb4 22. axb4 Ra3 23. Bd2 Rda8 24. Qf3 Qc8 25. Qe3 Ra2 26. f4 h6 27. fxe5 dxe5 28. Kh1 Nh7 29. Nf5 Bg5 30. Qxg5 Nxg5 31. Ne7+ Kf8 32. Nxc8 Bxc8 33. h4 Nh7 34. Nf3 f6 35. Rf1 Ke7 36. Be3 Kd6 37. Ne1 Nf8 38. Bd1 Ng6 39. h5 Ne7 40. Nf3 f5 41. exf5 Nxd5 42. Bg1 Bxf5 43. Bh2 Ne3 44. Re1 Ng4 45. Bxe5+ Nxe5 46. Nxe5 Rf8 47. Bf3 Nd8 48. Rcd1+ Kc7 49. Rd5 Rc2 50. Rxb5 Rxc3 51. Rc5+ Kb6 52. Nxc4+ Rxc4 53. Rxc4 Kb5 54. Rf4 Nc6 55. Bxc6+ Kxc6 56. g4 1-0

[Event "45th Olympiad 2024"]
[Site "Budapest HUN"]
[Date "2024.09.15"]
[Round "5.78"]
[Board "4"]
[White "Henry Marwa Michael"]
[Black "Shaker, Musab"]
[Result "0-1"]
[WhiteElo "1715"]
[BlackElo "1757"]
[PlyCount "72"]
[EventDate "2024.09.11"]
[WhiteTeam "Tanzania"]
[BlackTeam "Bahrain"]
[WhiteTeamCountry "TAN"]
[BlackTeamCountry "BHN"]

1. Nf3 d5 2. d4 Nf6 3. c4 e6 4. e3 c6 5. Nc3 Bd6 6. Bd3 Nbd7 7. e4 dxc4 8. Bxc4 b5 9. Bd3 e5 10. dxe5 Nxe5 11. Nxe5 Bxe5 12. h3 $146 ({RR} 12. O-O O-O 13. Ne2 a6 14. Kh1 Ng4 15. g3 Qb6 16. Kg2 Rd8 17. h3 c5 18. Qc2 Nxf2 19. Rxf2 c4 20. Bxc4 bxc4 21. Nf4 Bb7 22. Qe2 c3 23. bxc3 Bxc3 24. Be3 Qb4 25. Rc1 Qxe4+ 26. Kh2 Rac8 {½-½ Tsvetkov,A (2338)-Kezin,R (2471) Moscow op-A 15th 2019 (2)}) ({RR} 12. O-O O-O 13. Qe2 Rb8 14. Rd1 b4 15. Nb1 Qc7 16. h3 Bb7 17. Nd2 c5 18. Re1 Rbe8 19. Bb5 Re7 20. f3 Bd4+ 21. Kh1 Nh5 22. Nf1 Ng3+ 23. Nxg3 Qxg3 24. Be3 Qe5 25. Rad1 Re6 26. Bxd4 cxd4 {½-½ Guevara,M (2179)-Pilarte,R (2147) NCA-ch Managua 2017 (6)}) 12... a6 13. O-O O-O 14. Qe2 Bb7 15. Be3 Qe7 16. Rac1 c5 17. f3 c4 18. Bb1 Nh5 19. Qc2 Qh4 20. Ne2 g5 21. Bf2 Bg3 22. Nxg3 Nxg3 23. e5 f5 24. exf6 Rf7 25. Rfe1 Qf4 26. Re7 Rxe7 27. fxe7 Qxc1+ 28. Qxc1 Ne2+ 29. Kf1 Nxc1 30. Be3 Nd3 31. Bxd3 cxd3 32. Bxg5 Bd5 33. f4 Kf7 34. f5 Rc8 35. f6 Rc2 36. Be3 Bxg2+ 0-1

[Event "45th Olympiad 2024"]
[Site "Budapest HUN"]
[Date "2024.09.15"]
[Round "5.79"]
[Board "1"]
[White "Mathurin, Nathaniel"]
[Black "Morazo, John Ranel"]
[Result "0-1"]
[WhiteElo "1982"]
[BlackElo "2200"]
[PlyCount "97"]
[EventDate "2024.09.11"]
[WhiteTeam "Saint Lucia"]
[BlackTeam "Palau"]
[BlackTeamCountry "PAL"]

1. Nf3 Nf6 2. c4 g6 3. Nc3 c5 4. g3 Bg7 5. Bg2 O-O 6. O-O Nc6 7. a3 a6 8. b4 ({RR} 8. Rb1 Rb8 9. b4 cxb4 10. axb4 b5 11. cxb5 axb5 12. d4 d5 13. Bf4 {½-½ Hulak,K (2507)-Dizdar,G (2542) CRO-ch Vukovar 2005 (11)}) 8... b6 $146 ({RR} 8... cxb4 9. axb4 Nxb4 10. Qb3 Nc6 11. d4 d6 12. Bf4 Nh5 13. Be3 Rb8 14. Rfb1 b5 15. cxb5 axb5 16. d5 Na5 17. Qb4 Bf5 18. Rc1 Nc4 19. Bd4 Nf6 20. Nxb5 Qd7 21. Qxc4 Qxb5 22. Qxb5 Rxb5 23. Ra7 {½-½ Kulicov,O (2429)-Abbasov,F (2515) Suvorov 2012 (3)}) ({RR} 8... cxb4 9. axb4 Nxb4 10. d4 d5 11. Ba3 Nc6 12. cxd5 Nxd5 13. Nxd5 Qxd5 14. Ne5 Qxd4 15. Nxc6 bxc6 16. Qxd4 Bxd4 17. Rac1 Be6 18. Bxc6 Rab8 19. Bxe7 Rfc8 20. Rfd1 Bb2 21. Rc5 Ba3 22. Ra5 Bxe7 23. Rxa6 {0-1 Gutierrez Olivares,D (2354)-Niekras,D (2344) Titled Tue 28th May Late 2024 (8)}) ({RR} 8... cxb4 9. axb4 Nxb4 10. d4 d6 11. Qb3 Nc6 12. e4 Qc7 13. c5 dxc5 14. e5 Nh5 15. Nd5 Qd8 16. Rd1 cxd4 17. Nxd4 Nxd4 18. Rxd4 Bxe5 19. Nf6+ Nxf6 20. Rxd8 Rxd8 21. Bb2 Bxb2 22. Qxb2 Rb8 23. Qa3 {½-½ Seref,E (2003)-Von Angern,C (1867) GER-chT U20 Braunschweig 2019 (6.2)}) 9. bxc5 bxc5 10. Ne1 Rb8 11. Ra2 Na5 12. d3 d6 13. Bg5 h6 14. Bd2 Bd7 15. Nc2 Bc6 16. Bxc6 Nxc6 17. Qc1 Qd7 18. Kg2 Kh7 19. Nd5 Qb7 20. Bc3 Nd4 21. Rb2 Nb3 22. Rxb3 Qxb3 23. Nxf6+ Bxf6 24. Bxf6 exf6 25. Ne3 Qb2 26. Nd5 Qxc1 27. Rxc1 Kg7 28. Kf3 Rfc8 29. Rc2 f5 30. h4 Rb3 31. a4 Rcb8 32. Ra2 Kf8 33. a5 Rb2 34. Ra1 Rb1 35. Rxb1 Rxb1 36. Nc7 Ke7 37. h5 Kd7 38. Nd5 Ra1 39. hxg6 fxg6 40. e4 fxe4+ 41. Kxe4 Rxa5 42. g4 Ra1 43. f4 a5 44. f5 gxf5+ 45. gxf5 Rf1 46. f6 Ke6 47. Nc7+ Kxf6 48. Kd5 Ke7 49. Nb5 0-1

[Event "45th Olympiad 2024"]
[Site "Budapest HUN"]
[Date "2024.09.15"]
[Round "5.79"]
[Board "2"]
[White "Tan, Santiago Jr"]
[Black "Gabriel, Sixtus"]
[Result "0-1"]
[WhiteElo "1903"]
[BlackElo "1800"]
[PlyCount "94"]
[EventDate "2024.09.11"]
[WhiteTeam "Palau"]
[BlackTeam "Saint Lucia"]
[WhiteTeamCountry "PAL"]

1. d4 d5 2. c4 c6 3. Nc3 Nf6 4. Bf4 dxc4 5. e4 e6 ({RR} 5... b5 6. e5 Nd5 7. Bd2 Bf5 8. g4 Bg6 9. Bg2 e6 10. h4 Nb4 11. Bg5 Be7 12. Bxe7 Qxe7 13. Kf1 Nc2 14. Rc1 Bd3+ 15. Nge2 Nxd4 16. Kg1 Nxe2+ 17. Nxe2 O-O 18. Nf4 Rd8 19. Nxd3 Rxd3 20. Qe2 {0-1 Karttunen,M (2485)-Jobava,B (2582) Titled Tuesday intern op 26th Oct blitz 2021 (2)}) ({RR} 5... b5 6. e5 Nd5 7. Bd2 Bf5 8. Nf3 Nb4 9. Rc1 e6 10. Be2 Nd3+ 11. Bxd3 Bxd3 12. a4 a6 13. axb5 cxb5 14. Ra1 Nc6 15. Ne2 Be7 16. O-O Bxe2 17. Qxe2 Nxd4 18. Nxd4 Qxd4 19. Be3 Qxe5 20. f4 {0-1 Nguyen,D (2080)-Bui,T (2190) VIE-chT Hanoi 2022 (9.5)}) 6. Bxc4 Qb6 $146 ({RR} 6... Bb4 7. Qd3 Nbd7 8. Nge2 b5 9. Bb3 Nc5 10. Qf3 Ncxe4 11. O-O Bxc3 12. Nxc3 Nxc3 13. Qxc6+ Qd7 14. Qxc3 Nd5 15. Bxd5 Qxd5 16. Qc5 Bb7 17. Qxd5 Bxd5 18. a3 Bc4 19. Rfc1 O-O 20. Bd6 Rfd8 21. Bc5 {½-½ Ribeiro,I-Barbosa,F POR-ch U16 Aveiro 2003 (5)}) ({RR} 6... Bb4 7. Qd3 Nbd7 8. Rd1 b5 9. Bb3 a6 10. Nge2 Bb7 11. O-O Nh5 12. Bg3 Nxg3 13. fxg3 O-O 14. Bc2 g6 15. a3 Be7 16. b4 Bg5 17. e5 f5 18. exf6 Nxf6 19. Nf4 Bxf4 20. Rxf4 Qe7 21. Re1 {1-0 Christophersen,D (1809)-Jorgensen,O (1593) Copenhagen Bronshoj op 2014 (2)}) ({RR} 6... Bb4 7. f3 Nbd7 8. a3 Ba5 9. Nge2 O-O 10. O-O Bc7 11. Bg5 e5 12. d5 Nb6 13. Bb3 cxd5 14. Nxd5 Nbxd5 15. Bxd5 Qd6 16. Nc3 Bb6+ 17. Kh1 Nxd5 18. Nxd5 Bd4 19. Be7 Qh6 20. Bxf8 Kxf8 21. Qc2 {0-1 Torcal Miguel,O (1893)-Climente Martinez,J (1891) Aragon-chT Preferente A 2015 (4.36)}) 7. Nge2 Be7 8. O-O O-O 9. Qc2 Nbd7 10. h3 Nh5 11. Be3 Qc7 12. e5 g6 13. Bh6 Re8 14. Qb3 Nb6 15. Ne4 Nd5 16. Rac1 Bf8 17. Bxf8 Rxf8 18. Bxd5 exd5 19. Nd2 Qe7 20. Qe3 f6 21. f4 Bd7 22. Rf3 Rae8 23. Rcf1 Qb4 24. Qc3 Qb6 25. Kh2 Ng7 26. b4 Qa6 27. Nc1 Bf5 28. Re1 h5 29. Rfe3 fxe5 30. Rxe5 Rxe5 31. Rxe5 Ne6 32. Qe3 Kf7 33. Nf3 Ke7 34. Nh4 Rf6 35. Nxf5+ gxf5 36. Ne2 h4 37. Ng1 Qf1 38. Nf3 Kd6 39. b5 Rg6 40. Nxh4 Nxf4 41. Qf3 Rxg2+ 42. Qxg2 Nxg2 43. Nxg2 f4 44. Rg5 f3 45. Nf4 Qf2+ 46. Kh1 Qe1+ 47. Kh2 Qd2+ 0-1

[Event "45th Olympiad 2024"]
[Site "Budapest HUN"]
[Date "2024.09.15"]
[Round "5.79"]
[Board "3"]
[White "James, Justin"]
[Black "Salvadora, Angelo"]
[Result "1-0"]
[WhiteElo "1745"]
[BlackElo "1812"]
[PlyCount "63"]
[EventDate "2024.09.11"]
[WhiteTeam "Saint Lucia"]
[BlackTeam "Palau"]
[BlackTeamCountry "PAL"]

1. e4 d6 2. d4 Nf6 3. Bd3 Bg4 ({RR} 3... Nc6 4. Nf3 Nb4 5. c4 Nxd3+ 6. Qxd3 g6 7. Nc3 Bg7 8. Bg5 c6 9. O-O-O O-O 10. Qe2 d5 11. e5 Ne4 12. Nxe4 dxe4 13. Qxe4 b5 14. c5 Be6 15. b3 Bd5 16. Qe3 f6 17. Bh6 Bxh6 18. Qxh6 {1-0 Bezgodov,A (2543)-Belozerov,A (2494) RUS-ch 54th Elista 2001 (8)}) 4. f3 Bd7 ({RR} 4... Bh5 5. Bg5 Nbd7 6. Nc3 h6 7. Be3 e5 8. Qd2 Qe7 9. O-O-O a6 10. g4 Bg6 11. Nge2 O-O-O 12. g5 Nh5 13. Nd5 Qe6 14. Qa5 Nb6 15. Nxc7 Kxc7 16. d5 Qe8 17. Bxb6+ Kd7 18. Bxd8 Qxd8 19. Qxd8+ {1-0 Arsov,F (1624)-Madjeric,M IBCA European Teams 2023 (5.4)}) 5. Be3 e5 $146 ({RR} 5... Nc6 6. c3 g6 7. Nd2 Bg7 8. Ne2 O-O 9. O-O a6 10. h3 e6 11. f4 d5 12. e5 Ne8 13. Nf3 Bh8 14. Qd2 Ng7 15. Ng3 Nf5 16. Nxf5 exf5 17. Rae1 Be6 18. b3 b5 19. a4 Rb8 20. axb5 {1-0 Saifan,J (2050)-Rodriguez Hernando,M Internet Section 14-A blitz 2003 (3)}) ({RR} 5... c6 6. c3 a5 7. Ne2 e6 8. O-O Be7 9. Nd2 O-O 10. Qc2 e5 11. Rac1 exd4 12. cxd4 Na6 13. a3 Nc7 14. e5 dxe5 15. dxe5 Nfd5 16. Bxh7+ Kh8 17. Bf2 g6 18. Bxg6 fxg6 19. Qxg6 Qe8 20. Qh6+ {0-1 Pierantoni,G-Bogatto,M (1421) ITA-ch Seniors 34th 2012 (6)}) 6. Ne2 Nh5 7. O-O Nc6 8. c3 Be7 9. d5 Nb8 10. Nd2 c6 11. c4 O-O 12. g4 Bg5 13. Bf2 Nf4 14. Nxf4 Bxf4 15. Kg2 Qg5 16. Nb3 h5 17. h3 b6 18. Nc1 g6 19. Ne2 hxg4 20. fxg4 Bxg4 21. hxg4 Qxg4+ 22. Ng3 Qg5 23. Rh1 f5 24. exf5 gxf5 25. Qh5 Qg7 26. Bxf5 Rxf5 27. Qxf5 Nd7 28. Qe6+ Kf8 29. Qxd6+ Kg8 30. dxc6 Nc5 31. c7 Ne4 32. Qd5+ 1-0

[Event "45th Olympiad 2024"]
[Site "Budapest HUN"]
[Date "2024.09.15"]
[Round "5.79"]
[Board "4"]
[White "Mahor Jr, Manuel"]
[Black "Daniel, Cyrus"]
[Result "1/2-1/2"]
[WhiteElo "1759"]
[BlackElo "1759"]
[PlyCount "76"]
[EventDate "2024.09.11"]
[WhiteTeam "Palau"]
[BlackTeam "Saint Lucia"]
[WhiteTeamCountry "PAL"]

1. d4 d5 2. Nf3 Nf6 3. Bf4 c5 4. e3 Nc6 5. c3 Qb6 6. Qc1 Bf5 7. Nbd2 e6 8. Nh4 ({RR} 8. Be2 Be7 9. a3 O-O 10. O-O Rac8 11. dxc5 Bxc5 12. b4 Be7 13. c4 Nh5 14. Bg5 Bxg5 15. Nxg5 Nf6 16. Qb2 Rfd8 17. c5 Qc7 18. Ngf3 a6 19. Nd4 Bg4 20. f3 Bh5 21. N2b3 Ne7 22. f4 Bxe2 {0-1 Kamsky,G (2671)-Gulko,B (2585) New York Mayor's Cup rapid 2006 (2)}) 8... cxd4 $146 ({RR} 8... Bg6 9. Nxg6 hxg6 10. Bd3 Rc8 11. Nf3 Be7 12. h3 a5 13. a4 cxd4 14. exd4 Bd8 15. Qd2 Bc7 {½-½ Marx,P (1953)-Puetter,P (2001) Ruhrgebiet Verbandsklasse Gruppe 1 1718 2017 (8.1)}) ({RR} 8... Nh5 9. Nxf5 Nxf4 10. Ng3 Ng6 11. Bd3 Bd6 12. Nf3 O-O 13. O-O Rfe8 14. Bxg6 hxg6 15. Rb1 e5 16. dxe5 Nxe5 17. Qd1 Qc6 18. Nxe5 Bxe5 19. Qf3 Rad8 20. Rfd1 Rd6 21. Rd2 Qa6 22. a3 Red8 23. Rbd1 {0-1 Li,X-Tian,Y (1449) Chinese Youth G14 2024 (5.17)}) ({RR} 8... Rc8 9. Nxf5 exf5 10. dxc5 Bxc5 11. Nb3 Be7 12. h3 O-O 13. Be2 a5 14. O-O a4 15. Nd2 Ne4 16. Nxe4 dxe4 17. Rd1 Rfd8 18. Rxd8+ Rxd8 19. Qc2 a3 20. b4 Bf6 21. Rb1 Ne5 22. c4 Nd3 23. Bxd3 {1-0 Alvarez Fernandez,E (2211)-Muniz Rubiera,J (1954) Asturias-chT Preferente 0304 2003 (5)}) ({RR} 8... Bg6 9. Nxg6 hxg6 10. Bd3 Rc8 11. Nf3 Na5 12. Ne5 cxd4 13. exd4 Nc6 14. Qb1 Nxe5 15. Bxe5 Bd6 16. f4 Bxe5 17. fxe5 Ng4 18. h3 Ne3 19. Kf2 Nc4 20. Bxc4 Rxc4 21. Re1 Qc6 22. Qd3 O-O 23. Re3 {½-½ Blazsik,Z (2034)-Baranyi,E (2113) HUN-chT2 Toth 0809 2008 (1.5)}) 9. exd4 Rc8 10. Nxf5 exf5 11. Nb3 Be7 12. Bd3 g6 13. O-O O-O 14. h3 Rfe8 15. Re1 Bf8 16. Bg5 Rxe1+ 17. Qxe1 Re8 18. Qd2 Ne4 19. Bxe4 fxe4 20. Re1 Nd8 21. Bxd8 Qxd8 22. f3 exf3 23. Rxe8 Qxe8 24. gxf3 Qe6 25. Kg2 Qf5 26. Nc5 Bd6 27. Nd3 g5 28. Qe3 Kg7 29. b3 b5 30. b4 h6 31. a3 Kf8 32. h4 Kg7 33. hxg5 hxg5 34. Ne5 Qc2+ 35. Kh3 Qf5+ 36. Kg2 Qc2+ 37. Kh3 Qf5+ 38. Kg2 Qc2+ 1/2-1/2

[Event "45th Olympiad 2024"]
[Site "Budapest HUN"]
[Date "2024.09.15"]
[Round "5.80"]
[Board "1"]
[White "Hasford, John Kojo"]
[Black "Moncur, Cecil"]
[Result "1/2-1/2"]
[WhiteElo "1956"]
[BlackElo "1839"]
[PlyCount "70"]
[EventDate "2024.09.11"]
[WhiteTeam "Ghana"]
[BlackTeam "Bahamas"]
[WhiteTeamCountry "GHA"]
[BlackTeamCountry "BAH"]

1. d4 g6 2. Nf3 Bg7 3. c4 d6 4. Nc3 Nc6 5. Bf4 e5 6. dxe5 Nxe5 7. Nxe5 dxe5 8. Qxd8+ Kxd8 9. O-O-O+ Bd7 $146 ({RR} 9... Ke7 10. Nd5+ Kf8 11. Be3 b6 12. Nxc7 Rb8 13. c5 Bf5 14. Nd5 Rc8 15. Nc3 bxc5 16. Rd5 Bh6 17. Bxh6+ Nxh6 18. e4 Be6 19. Ba6 Bxd5 20. Bxc8 Bc6 21. f3 Ke7 22. Ba6 Rd8 23. Rd1 Rxd1+ 24. Kxd1 {1-0 Benson,O (1967)-Fairbairn,S (2073) IRL-ch Dublin 2009 (6)}) 10. Bg5+ f6 11. Bd2 c6 12. Ne4 Kc7 13. Bb4 Rd8 14. Bd6+ Kc8 15. Ba3 Kc7 16. e3 Bf8 17. Nd6 Be6 18. Ne4 Rxd1+ 19. Kxd1 Bxa3 20. bxa3 b6 21. Be2 Bf5 22. Nc3 Ne7 23. e4 Be6 24. Kc2 Rd8 25. f3 Nc8 26. Nd1 Rd4 27. Ne3 Nd6 28. Kc3 Nb7 29. Rd1 Rxd1 30. Bxd1 Kd6 31. Kb4 a5+ 32. Kc3 Kc5 33. g3 Nd6 34. Be2 h6 35. Bd3 h5 1/2-1/2

[Event "45th Olympiad 2024"]
[Site "Budapest HUN"]
[Date "2024.09.15"]
[Round "5.80"]
[Board "2"]
[White "Ferguson, Joseph"]
[Black "Anhwere, Bernard"]
[Result "0-1"]
[WhiteElo "1797"]
[BlackElo "1893"]
[PlyCount "82"]
[EventDate "2024.09.11"]
[WhiteTeam "Bahamas"]
[BlackTeam "Ghana"]
[WhiteTeamCountry "BAH"]
[BlackTeamCountry "GHA"]

1. b3 Nf6 2. Bb2 g6 3. e3 Bg7 4. f4 O-O 5. Nf3 c5 6. Be2 Nc6 7. O-O d5 8. Bb5 Qb6 9. Bxc6 Qxc6 ({RR} 9... bxc6 10. Ne5 a5 11. Qe1 c4 12. Ba3 cxb3 13. axb3 Qc7 14. Nc3 Nd7 15. Nxd7 Qxd7 16. d4 Qf5 17. Rf2 Bf6 18. Na4 h5 19. Nb6 Rb8 20. Bc5 Bh4 21. g3 Bf6 22. Qxa5 h4 23. Nxc8 Rbxc8 24. Qc3 {1-0 Panko,E (2100)-Kulig,P (2025) LJ Slovakia Open 2024 (8.9)}) 10. d3 ({RR} 10. Qe1 Nd7 11. Bxg7 Kxg7 12. d3 b6 13. Nbd2 Bb7 14. e4 dxe4 15. Nxe4 Nf6 16. Qc3 Qd7 17. Rae1 Rfe8 18. h3 Rad8 19. Rf2 Bxe4 20. dxe4 Kg8 21. Qe3 e6 22. Kh2 Qc7 23. c4 Re7 24. e5 Ne8 {1-0 Chernyshov,K (2518)-Balogh,C (2441) Budapest FS08 GM 2002 (12)}) 10... b5 11. a4 b4 $146 ({RR} 11... a6 12. Nbd2 Bb7 13. Ne5 Qc7 14. Qe2 Nd7 15. Ndf3 f6 16. Nxd7 Qxd7 17. e4 d4 18. axb5 Qxb5 19. Ra4 Bc6 20. Rfa1 Qb6 21. R4a2 {½-½ Durst,U (2090)-Moschell,H (2204) Mecklenburg VP-ch Seniors 04th 2004 (3)}) 12. Nbd2 a5 13. Qe2 Bg4 14. h3 Bxf3 15. Qxf3 Rac8 16. Bxf6 Bxf6 17. Rad1 Bc3 18. e4 e6 19. Nb1 Bd4+ 20. Kh1 c4 21. dxc4 dxe4 22. Qe2 Rfd8 23. Nd2 f5 24. c5 Qxc5 25. Nc4 Rd5 26. g3 Rcd8 27. Kg2 R8d7 28. Rfe1 Qc7 29. h4 Bc3 30. Rf1 Qd8 31. Rxd5 exd5 32. Ne3 Bd4 33. c4 Bxe3 34. Qxe3 d4 35. Qc1 d3 36. Qd2 Qf6 37. Rc1 Qd4 38. c5 e3 39. Qd1 d2 40. Rc4 Qd5+ 41. Kh2 e2 0-1

[Event "45th Olympiad 2024"]
[Site "Budapest HUN"]
[Date "2024.09.15"]
[Round "5.80"]
[Board "3"]
[White "Fomevor, Cephas Clinton"]
[Black "Pride, Avian"]
[Result "1-0"]
[WhiteElo "1873"]
[BlackElo "1743"]
[PlyCount "61"]
[EventDate "2024.09.11"]
[WhiteTeam "Ghana"]
[BlackTeam "Bahamas"]
[WhiteTeamCountry "GHA"]
[BlackTeamCountry "BAH"]

1. d4 d5 2. c4 c6 3. Nc3 Nf6 4. Nf3 e6 5. cxd5 exd5 6. Bg5 Nbd7 7. e3 Be7 8. Bd3 h6 9. Bh4 O-O 10. O-O Re8 11. Rb1 c5 ({RR} 11... a5 12. a3 Ne4 13. Bxe7 Qxe7 14. Qc2 Ndf6 15. b4 axb4 16. axb4 Ra3 17. Rb3 Rxb3 18. Qxb3 Bg4 19. Bxe4 Nxe4 20. Nxe4 Qxe4 21. Nd2 Qg6 22. Kh1 {0-1 Drygalov,S (2547)-Makarian,R (2525) D.S. Shcherbin Mem Blitz 2024 (13.4)}) ({RR} 11... Ne4 12. Bxe7 Qxe7 13. Bxe4 dxe4 14. Nd2 Nf6 15. b4 Bf5 16. b5 c5 17. Nb3 cxd4 18. Nxd4 Bg6 19. Qa4 Qe5 20. Nce2 Ng4 21. Nf4 Bh7 22. h3 g5 23. hxg4 gxf4 24. exf4 Qxf4 25. Nc2 Qxg4 26. Ne3 {1-0 Geivondian,A (2297)-Bajaj,P (2232) Titled Tue 30th Jul Late 2024 (1)}) 12. dxc5 Nxc5 13. Bc2 $146 ({RR} 13. Bb5 Ncd7 14. Bxf6 Bxf6 15. Nxd5 Rf8 16. Bxd7 Qxd7 17. Nxf6+ gxf6 18. Qxd7 Bxd7 19. Rfd1 Bg4 20. Rd6 Kg7 21. Nd4 Rfd8 22. Rxd8 Rxd8 23. Rc1 Rd7 24. Kf1 Be6 25. a3 a6 26. Ke2 f5 27. Rc5 Kf6 {1-0 Prevedello,D (1860)-Quagliarella,S (1838) Milan SSM op 08 2014 (2)}) 13... Be6 14. Nb5 Bg4 15. h3 Bxf3 16. Qxf3 Nfe4 17. Bxe7 Rxe7 18. Qe2 a6 19. Nd4 Ne6 20. Nf5 Rd7 21. Rfd1 Qa5 22. Bxe4 dxe4 23. Nxh6+ gxh6 24. Rxd7 Qxa2 25. Rbd1 Nc5 26. Qg4+ Kf8 27. Rc7 b6 28. Qf4 Ke8 29. Qf6 Nd7 30. Rcxd7 Qxb2 31. Qe7# 1-0

[Event "45th Olympiad 2024"]
[Site "Budapest HUN"]
[Date "2024.09.15"]
[Round "5.80"]
[Board "4"]
[White "Whyms, Chapell"]
[Black "Frempong-Smart Daniel"]
[Result "0-1"]
[WhiteElo "1701"]
[BlackElo "1863"]
[PlyCount "76"]
[EventDate "2024.09.11"]
[WhiteTeam "Bahamas"]
[BlackTeam "Ghana"]
[WhiteTeamCountry "BAH"]
[BlackTeamCountry "GHA"]

1. d4 d5 2. c4 c6 3. Nf3 Nf6 4. Nc3 a6 5. e3 Bf5 6. Qb3 Ra7 7. cxd5 cxd5 8. Be2 ({RR} 8. Bd2 e6 9. Rc1 Bd6 10. Qa4+ Nc6 11. Ne5 Bxe5 12. dxe5 Nd7 13. f4 O-O 14. Ne2 Nb6 15. Qd1 Nc4 16. Ng3 Bg6 17. b3 Nb2 18. Qg4 a5 19. Bc3 Nd3+ 20. Bxd3 Bxd3 21. Qd1 Bb5 22. a4 Ba6 {0-1 Eljanov,P (2717)-Korobov,A (2700) Wch Rapid Berlin 2015 (5)}) ({RR} 8. Ne5 e6 9. Bd2 Nbd7 10. Nxd7 Nxd7 11. Rc1 Be7 12. Be2 O-O 13. O-O b5 14. a4 b4 15. Na2 a5 16. Bd3 Bxd3 17. Qxd3 Qa8 18. Rc2 Rb8 19. Nc1 Nb6 20. b3 Rc8 21. Ne2 Rac7 22. Rxc7 Rxc7 {0-1 Duda,J (2733)-Le Tuan Minh (2567) Titled Tue 28th May Late 2024 (5)}) 8... e6 9. Ne5 Nfd7 10. Qa4 f6 $146 ({RR} 10... Be7 11. g4 Bg6 12. Bb5 axb5 13. Qxa7 Nxe5 14. dxe5 O-O 15. Qxb7 b4 16. Nb5 Nd7 17. Nd4 Nxe5 18. Nc6 Nxc6 19. Qxc6 Qb8 20. Bd2 Bf6 21. Rc1 Bxb2 22. Rc5 Bd3 23. Qa4 Ba3 24. Bc1 Bc4 25. Kd2 {0-1 Moufang,R (2288)-Wiegner,D (2178) Regionalliga SW 1516 2015 (7.1)}) ({RR} 10... Be7 11. g4 Be4 12. Nxe4 dxe4 13. Bd2 O-O 14. Nxd7 Nxd7 15. Qc2 e5 16. Qxe4 exd4 17. Qxd4 Bc5 18. Qd5 Qe7 19. O-O-O b5 20. Bc3 Re8 21. g5 Nb6 22. Qf5 Na4 23. Bd4 Rc7 24. Kb1 Bxd4 25. Rxd4 {0-1 Tong,T (2182)-Phan,N (2115) Ho Chi Minh City HD Bank op 7th 2017 (8)}) 11. Nd3 Nc6 12. Qd1 b5 13. Bd2 Bd6 14. Rc1 Rc7 15. a3 O-O 16. b4 Nb6 17. Nc5 Bxc5 18. dxc5 Nc8 19. Bg4 d4 20. Bxf5 exf5 21. Qb3+ Kh8 22. Ne2 Re8 23. O-O d3 24. Nf4 Rd7 25. Rc3 Ne5 26. Ne6 Qe7 27. Nd4 f4 28. exf4 Nc4 29. Rxd3 Qe4 30. Be3 Ne7 31. Rdd1 Nd5 32. Qb1 Qxb1 33. Rxb1 Ndxe3 34. fxe3 Nxe3 35. Rfe1 Rxd4 36. Rb3 Rde4 37. Rd3 h6 38. c6 Ng4 0-1

[Event "45th Olympiad 2024"]
[Site "Budapest HUN"]
[Date "2024.09.15"]
[Round "5.81"]
[Board "1"]
[White "Sihlongonyane, Sikhanyiso"]
[Black "Hemam, Moulaye Brahim"]
[Result "1/2-1/2"]
[WhiteElo "1813"]
[BlackElo "1977"]
[PlyCount "119"]
[EventDate "2024.09.11"]
[WhiteTeam "Eswatini"]
[BlackTeam "Mauritania"]
[BlackTeamCountry "MAU"]

1. e4 c5 2. Nf3 Nc6 3. Bb5 g6 4. O-O Bg7 5. c3 Nf6 6. Re1 a6 7. Ba4 ({RR} 7. Bxc6 dxc6 8. d4 cxd4 9. cxd4 Bg4 10. Nbd2 O-O 11. h3 Be6 12. Nb3 a5 13. Bf4 b6 14. Rc1 Rc8 15. a3 Qd7 16. Nbd2 Rfd8 17. Qe2 Qb7 18. Qe3 Qa6 19. Bh6 Bh8 20. Ng5 Bd7 21. Nxf7 Kxf7 {1-0 Arizmendi Martinez,J (2506)-Lagarde,M (2631) EU-ch 20th Skopje 2019 (2)}) ({RR} 7. Bxc6 dxc6 8. d3 O-O 9. Be3 Nd7 10. a4 b6 11. Qd2 e5 12. Bh6 Bxh6 13. Qxh6 f6 14. Na3 b5 15. axb5 axb5 16. Nc2 Bb7 17. h4 Qe7 18. Qe3 Rfd8 19. h5 Kg7 20. Nh4 f5 21. Qg3 f4 {1-0 Seder,M (2077)-Turzo,A (2278) Titled Tue 30th Jan Early 2024 (8)}) 7... b5 8. Bc2 e5 9. d4 cxd4 $146 ({RR} 9... d6 10. dxc5 dxc5 11. Qxd8+ Kxd8 12. a4 Rb8 13. Be3 Nd7 14. Nbd2 f6 15. axb5 axb5 16. Nb3 Bf8 17. Red1 Kc7 18. Nfd2 Bd6 19. f3 Bb7 20. Na5 Nxa5 21. Rxa5 Bc6 22. Rda1 Ra8 23. Rxa8 Rxa8 24. Rxa8 {½-½ Marechal,A (2295)-Glicenstein,A (2339) Paris NAO IM 4th 2003 (7)}) 10. cxd4 exd4 11. Nxd4 O-O 12. Nc3 Bb7 13. Nb3 d6 14. Be3 Nb4 15. Bb1 Re8 16. a3 Nc6 17. f3 Ne5 18. Bd4 Nc4 19. Ra2 Rc8 20. Nd2 d5 21. Nxc4 dxc4 22. Bc2 Qe7 23. Be3 Rcd8 24. Qe2 Nd7 25. Raa1 Nc5 26. Rad1 Ne6 27. Bc1 Nd4 28. Qf2 Nxc2 29. Qxc2 Qc5+ 30. Be3 Qc7 31. Rxd8 Rxd8 32. Rd1 Rd7 33. Rxd7 Qxd7 34. Qd2 Qe7 35. Bb6 Bf6 36. Bd4 Qd8 37. Be3 Qxd2 38. Bxd2 Bd4+ 39. Kf1 Kf8 40. Ke2 Ke7 41. Nd1 Ke6 42. Bc3 Bc5 43. Ne3 h5 44. Nc2 f5 45. exf5+ Kxf5 46. Nd4+ Bxd4 47. Bxd4 g5 48. h3 g4 49. hxg4+ hxg4 50. fxg4+ Kxg4 51. Kf2 Kf4 52. Bc3 Ke4 53. Kg3 Kd3 54. Kf2 Kc2 55. g4 Kb3 56. Ke3 a5 57. Kd2 b4 58. axb4 axb4 59. Be5 Ka2 60. g5 1/2-1/2